000 00781cam a2200241 a 4500
001 000005307
005 20200929151635.0
008 931110s1991 sp b 001 f spa d
020 _a8437610109
040 _aDO-SdBNP
_cMiU
_dTxHR
_dDLC
082 _a863.5
_bP226q
100 1 _aPardo Bazán, Emilia,
_ccondesa de,
_d1852-1921.
_93459
245 1 3 _aLa quimera /
_cEmilia Pardo Bazán ; edición, Marina Mayoral.
260 _aMadrid :
_bCátedra,
_c1991.
300 _a583 p. ;
_c18 cm.
440 0 _aLetras hispánicas ;
_v336
_94208
504 _aIncluye referencias bibliográficas (p. 111-114).
650 4 _aNovela española
_91123
650 4 _aLiteratura española
_9632
700 1 _aMayoral, Marina,
_eed.
_915078
910 _aCatalogación por copia / LC
910 _aWM
999 _c5108
_d5108